| 000 | 00451nam a2200157 4500 | ||
|---|---|---|---|
| 001 | 107285 | ||
| 003 | ES-MaACL | ||
| 005 | 20230906184359.0 | ||
| 007 | t| | ||
| 008 | 061121s1967 sp r ||||1| spa d | ||
| 100 | 1 |
_aMorán Miguelez, Victorino. _983120 |
|
| 245 | 1 | 0 |
_aTambién Dios habla así / _cVictorino Morán Miguelez. |
| 260 |
_aMadrid : _bEl Perpetuo Socorro, _c1967. |
||
| 300 |
_a134 p. ; _c18 cm. |
||
| 852 |
_aES-MaACL _jC-33689 _bR.64608 |
||
| 999 |
_c107285 _d107285 |
||